un objet issu d'un film - Statistiques

Statistiques générales
  • Ce quiz a été pris 46 fois
  • Le résultat moyen est 2 sur 16
Statistiques - réponses
Par images Réponse % Correct
hook
83%
les demoiselles de Rochefort
43%
2001: l'odyssée de l'espace
25%
le voyage dans la lune
25%
portrait de la jeune fille en feu
10%
Pinocchio
8%
evil dead
5%
l'inconnu du nord express
5%
mon oncle
3%
Cléo de 5 à 7
0%
faux semblants
0%
la vie est belle
0%
l'homme qui en savait trop
0%
The Rocky horror picture show
0%
the wicker man
0%
Twin peaks fire walk withe me
0%
Aucun quiz correspondant
Distribution des résultats
% des personnes avec chaque résultat
Percentile par nombre de réponses
Votre historique - résultats
Vous n’avez pas pris ce quiz